Statistics for Bordering Countries by Life Expectancy Difference

Click here to take the quiz!

General Stats

  • This quiz has been taken 41 times
  • The average score is 23 of 27

Answer Stats

Country% Correct
Afghanistan
97%
China
97%
Pakistan
97%
Russia
97%
Finland
94%
Iran
94%
Norway
94%
Egypt
91%
Israel
91%
Chad
89%
India
89%
Libya
89%
Myanmar
89%
Thailand
89%
Algeria
86%
Argentina
86%
Bolivia
86%
Brazil
86%
Niger
86%
Chile
83%
Mali
83%
Sudan
80%
Central African Republic
77%
Mauritania
77%
Guyana
74%
Saudi Arabia
69%
Yemen
69%

Score Distribution

Percentile by Number Answered

Percent of People with Each Score

Your Score History

You have not taken this quiz